00592 2200193 4500001002100000005001500021035002000036007000300056008004100059020002200100082001200122084001800134100002000152245008600172260006500258300004300323650001600366990001600382INLIS00000000000013020231013025857 a0010-1023000066ta231013 g 0 ind  a978-979-8308-79-6 a636.293 a636.293 KUS p0 aKusuma Diwyanto1 aPemberdayaan Masyarakat Melalui Pengembangan Usaha Sapi Potong /cKusuma Diwyanto aBogor :bPusat Penelitian dan Pengembangan Peternakan,c2007 axiv, 44 hlm, :bilus, ;c16 cm x 23 cm 4aSapi potong a00000000136